书目信息 |
| 题名: |
健康家庭装潢新视野
|
|
| 作者: | 潘猛 著 | |
| 分册: | ||
| 出版信息: | 南京 南京大学出版社 2002.02 |
|
| 页数: | 62页 | |
| 开本: | 26cm | |
| 丛书名: | ||
| 单 册: | ||
| 中图分类: | TU767 | |
| 科图分类: | ||
| 主题词: | 住宅--zhu zhai--室内装修--基本知识 | |
| 电子资源: | ||
| ISBN: | 7-305-03808-3 | |
| 000 | 00733nam0 2200217 450 | |
| 001 | 012006634703 | |
| 005 | 20061220103547.39 | |
| 010 | @a7-305-03808-3@dCNY18.00 | |
| 100 | @a20061129d2002 km y0chiy0120 ea | |
| 101 | 0 | @achi |
| 102 | @aCN@b320000 | |
| 105 | @aa z 000yy | |
| 200 | 1 | @a健康家庭装潢新视野@Ajian kang jia ting zhuang huang xin shi ye@f潘猛著@Fpan meng zhu |
| 210 | @a南京@c南京大学出版社@d2002.02 | |
| 215 | @a62页@c图@d26cm | |
| 330 | @a本书作者根据多年来从事住宅室内设计的感受对家装材料的定位、经济定位、色调定位、绿色与健康的定位进行了详细的介绍。 | |
| 606 | 0 | @a住宅@Azhu zhai@x室内装修@x基本知识 |
| 690 | @aTU767@v4 | |
| 701 | 0 | @a潘猛@Apan meng@4著 |
| 801 | 0 | @aCN@c20061220 |
| 905 | @a10447@dTU767@eP172 | |
| 健康家庭装潢新视野/潘猛著.-南京:南京大学出版社,2002.02 |
| 62页:图;26cm |
| ISBN 7-305-03808-3:CNY18.00 |
| 本书作者根据多年来从事住宅室内设计的感受对家装材料的定位、经济定位、色调定位、绿色与健康的定位进行了详细的介绍。 |
| ● |
| 相关链接 |
|
|
|
正题名:健康家庭装潢新视野
索取号:TU767/P172
 
预约/预借
| 序号 | 登录号 | 条形码 | 馆藏地/架位号 | 状态 | 备注 |
| 1 | 229377 | 202293776 | 建筑库201/201建筑库 76排2列4层/ [索取号:TU767/P172] | 在馆 | |
| 2 | 229378 | 202293785 | 建筑库201/201建筑库 76排2列4层/ [索取号:TU767/P172] | 在馆 |